Un ragazzo italiano

Saved in:
Bibliografiske detaljer
Hovedforfatter: Besson Philippe
Format: Bog
Sprog:ukendt sprog
Udgivet: Parma Guanda 2007
Tags: Tilføj Tag
Ingen Tags, Vær først til at tagge denne postø!

MARC

LEADER 00000nam a2200000Ia 4500
001 874
003 NUMERAZIONE-ORIGINALE-BRESCIA
005 20260206230754.0
008 260206s9999 xx 000 0 und d
100 |a Besson Philippe 
245 0 |a Un ragazzo italiano 
260 |a Parma 
260 |b Guanda 
260 |c 2007 
500 |a Narratori della Fenice 
942 |2 ddc  |c BK  |n 0 
952 |0 0  |1 0  |2 ddc  |4 0  |6 11  |7 0  |9 28690  |a BS  |b BS  |d 2026-02-06  |i 874  |l 0  |o 1-1-*  |r 2026-02-06 22:40:40  |w 2026-02-06  |x [REVISIONARE]  |y BK 
999 |c 24346  |d 24346